| 000 | 00879nam a22002177a 4500 | ||
|---|---|---|---|
| 003 | OSt | ||
| 005 | 20260513070312.0 | ||
| 008 | 260130b |||||||| |||| 00| 0 eng d | ||
| 020 | _a9789719458909 | ||
| 040 |
_aDWCL-Main Lib _cOC |
||
| 082 | _aFil. 320.58 K66 2009 | ||
| 100 |
_aKlow, Jordan Ross / SalvaƱa, Rolando S. _eAuthors |
||
| 245 |
_aThe man and the city in a forest : _ba personal saga of environmental advocacy in governance / _cJordan Ross Klow |
||
| 260 |
_aPalwan, Philippines : _bLotus Multimedia Communicatios, _cc2009. |
||
| 300 |
_a239 pages : _b illustrations ; _c21 cm. |
||
| 650 | _aHagedorn, Edward Solon, 1946- | ||
| 650 | _aHagedorn, Edward Solon, 1946-, Environmentalist - Political ideologist. | ||
| 650 | _aHagedorn, Edward Solon, 1946-, Environmentalist. | ||
| 650 | _aHagedorn, Edward Solon, 1946-, Politician. | ||
| 942 |
_2ddc _cBK - FIL _mFil. _n0 |
||
| 999 |
_c8026 _d8026 |
||